00825 a2200229 4500003000900000005001700009008004100026040001600067100002800083245009500111260005400206300001400260502006700274650001000341650001900351650002200370700003800392856003300430942001200463999001700475952010300492IN-BaIIA20250902114158.0250902b |||||||| |||| 00| 0 eng d cIIA Library aMallick, Anohita949273 aStudy of lithium and other related elements among evolved starscAnohita Mallickh[Thesis] aBangalorebIndian Institute of Astrophysicsc2025 axv, 183p. bDoctor of PhilosophycPondicherry University, Puducherryd2025 aStars aLithium923812 aStellar evolution aB. Eswar ReddyeSupervisor948915 yClick Here to Access eThesis 2udccTD c36111d36111 00102ddc4070aBANbBANcGENd2025-08-18e74g0.00l0p20720r2025-09-02v0.00w2025-09-02yTDG